Statistics for Indonesia vs malaysia

Click here to take the quiz!

General Stats

  • This quiz has been taken 380 times
  • The average score is 4 of 9

Answer Stats

QuestionAnswer% Correct
Malaysia capitalKuala lumpur
98%
Indonesia currencyRupiah
87%
Area of indonesia1905000 sq.km
63%
Malaysia time zoneutc+8
55%
Gdp per capita of indonesia3900 usd
37%
Population of malaysia3.5 crore
35%
Indonesia literacy rate95.4%
26%
Malaysia unemployment rate3.5%
24%
Malaysia poverty rate0.2%
11%

Score Distribution

Percentile by Number Answered

Percent of People with Each Score

Your Score History

You have not taken this quiz